000
00244nam a2200097 a 4500
005
20140412111325.0
008
110121s19uu xx 00 eng d
050
_a
ER
_b
Pi65 1992
245
_a
Pinocchio fun with shapes and sizes.
999
_c
104605
_d
104605